01110 a2200205 45000010006000000050017000060080041000230030015000640400040000790800085001192450162002040200022003662640035003883000019004235050315004420410008007571000022007657000018007878560099008056064720260407155858.0260407a2014 arg spa dAR-UNSa-BCEJYS aAR-UNSa-BCEJYSbspacAR-UNSa-BCEJYS a330.342.146xEconomía social de mercado. Economía del estado del bienestar 10aLa economía del bien comúnpUn modelo económico que supera la dicotomía entre capitalismo y comunismo para maximizar el bienestar de nuestra sociedad a978-950-12-0166-6 1aBuenos Aires :bPaidósc2014 a286 p.c20 cm. a1. Análisis breve - 2.La economía del bien común- idea principal – 3. La banca democrática – 4. Propiedad – 5. Motivación y sentido – 6. Desarrollo de la democracia – 7. Ejemplos y modelos – 8. Estrategias para su ejecución – 9. Preguntas frecuentes – 10. Números, datos y resumen aspa1 aFelber, Christian1 aYusta, Silvia41uhttps://www.biblioeco.unsa.edu.ar/pmb/images/libros/L129287.jpgyImagen de portadaqimage/jpeg